[Event "Quebec-ch qual. 3"]
[Site "Montreal CAN"]
[Date "1988.04.16"]
[Round "1"]
[White "Rousseau, Daniel"]
[Black "Autotte, Daniel"]
[Result "1-0"]
[WhiteElo "2000"]
[BlackElo "1750"]
[PlyCount "91"]
[GameId "2160767912586393"]
[EventDate "1988.04.16"]
[EventType "swiss"]
[EventRounds "4"]
[EventCountry "CAN"]
[SourceTitle "hb 2011"]

1. e4 e6 2. d4 d5 3. Nd2 c5 4. Ngf3 Nc6 5. exd5 exd5 6. Bb5 Bd7 7. O-O Nxd4 8. Nxd4 cxd4 9. Re1+ Be7 10. Bf1 Nf6 11. Qe2 Be6 12. Nf3 O-O 13. Nxd4 Qd7 14. Nxe6 fxe6 15. Qxe6+ Qxe6 16. Rxe6 Kf7 17. Re1 Bc5 18. Be3 d4 19. Bc4+ Kg6 20. Bd2 Ng4 21. Re6+ Rf6 22. Rxf6+ Nxf6 23. Re1 Re8 24. Rxe8 Nxe8 25. Bd3+ Kf7 26. h4 h6 27. Kh2 Nf6 28. Kg3 Ke6 29. f4 Kd5 30. Kf3 h5 31. Bg6 Bd6 32. Bf7+ Kc6 33. f5 Be5 34. Bb4 Ng4 35. Ke4 Bf6 36. Be8+ Kc7 37. Bxh5 Ne3 38. g3 Nxc2 39. Bd2 Kd6 40. Bf3 b6 41. h5 a5 42. Bf4+ Kd7 43. g4 d3 44. b3 Ne1 45. Bd1 Ng2 46. Bd2 1-0

[Event "Quebec-ch qual. 3"]
[Site "Montreal CAN"]
[Date "1988.04.16"]
[Round "2"]
[White "Cossette, Daniel"]
[Black "Rousseau, Daniel"]
[Result "0-1"]
[WhiteElo "1950"]
[BlackElo "2000"]
[PlyCount "68"]
[GameId "2160767912586394"]
[EventDate "1988.04.16"]
[EventType "swiss"]
[EventRounds "4"]
[EventCountry "CAN"]
[SourceTitle "hb 2011"]

1. d4 Nf6 2. c4 g6 3. Nc3 Bg7 4. e4 d6 5. f4 O-O 6. Nf3 c5 7. d5 e6 8. Be2 exd5 9. cxd5 a6 10. a4 Re8 11. e5 dxe5 12. fxe5 Ng4 13. Bg5 Qb6 14. O-O Nxe5 15. Ra3 c4+ 16. Kh1 Qxb2 17. Bc1 Qb4 18. Na2 Qc5 19. Ng5 Nbd7 20. Ne4 Qc7 21. Bf4 b6 22. Nac3 Bb7 23. Qd2 Nc5 24. Rd1 Nxe4 25. Nxe4 Rad8 26. Nc3 Qc5 27. Ra2 b5 28. axb5 axb5 29. Ra5 Nd3 30. Bxd3 cxd3 31. Nxb5 Re2 32. Qxd3 Qf2 33. Rg1 Rxd5 34. Qg3 Qxg1+ 0-1

[Event "Quebec-ch qual. 3"]
[Site "Montreal CAN"]
[Date "1988.04.17"]
[Round "3"]
[White "Morin, Louis"]
[Black "Reiner, Thomas"]
[Result "0-1"]
[WhiteElo "1880"]
[BlackElo "1571"]
[PlyCount "90"]
[GameId "2160767912586396"]
[EventDate "1988.04.16"]
[EventType "swiss"]
[EventRounds "4"]
[EventCountry "CAN"]
[SourceTitle "hb 2013"]

1. e4 c6 2. d4 d5 3. Nc3 dxe4 4. Nxe4 Nf6 5. Nxf6+ gxf6 6. Bf4 Bf5 7. Nf3 e6 8. Qd2 Bd6 9. O-O-O Qc7 10. Bxd6 Qxd6 11. Nh4 Bg6 12. Nxg6 hxg6 13. Bd3 Nd7 14. Qe3 O-O-O 15. h3 Nb6 16. Qf3 Nd5 17. g3 f5 18. Kb1 Qb4 19. Ka1 Qa5 20. c4 Nb4 21. Bb1 Rd7 22. Qc3 Qb6 23. a3 Na6 24. b4 Rhd8 25. c5 Qb5 26. Bd3 Qa4 27. Bc2 Qb5 28. Bd3 Qa4 29. Bc2 Qb5 30. Rhe1 Nc7 31. Bd3 Qa4 32. Bc2 Nb5 33. Kb2 Nxc3 34. Bxa4 Nxd1+ 35. Rxd1 Rxd4 36. Rxd4 Rxd4 37. Kc3 Rd8 38. Bb3 g5 39. Bc4 Rd1 40. Be2 Rh1 41. Bh5 f6 42. Bf7 Kd7 43. h4 gxh4 44. gxh4 Rxh4 45. Bg6 Rh6 0-1

[Event "Quebec-ch qual. 3"]
[Site "Montreal CAN"]
[Date "1988.04.17"]
[Round "3"]
[White "Rousseau, Daniel"]
[Black "Desjardins, Andre"]
[Result "0-1"]
[WhiteElo "2000"]
[BlackElo "2000"]
[PlyCount "100"]
[GameId "2160767912586397"]
[EventDate "1988.04.16"]
[EventType "swiss"]
[EventRounds "4"]
[EventCountry "CAN"]
[SourceTitle "hb 2011"]

1. e4 c5 2. Nf3 Nc6 3. d4 cxd4 4. Nxd4 Nf6 5. Nc3 e5 6. Ndb5 d6 7. Bg5 a6 8. Bxf6 gxf6 9. Na3 f5 10. Nc4 fxe4 11. Nxe4 Nd4 12. c3 d5 13. Nxe5 dxe4 14. Qxd4 Qxd4 15. cxd4 Bb4+ 16. Ke2 Be6 17. Ke3 f6 18. Bc4 Bc8 19. Nf7 Rf8 20. a3 Be7 21. Nh6 f5 22. h4 Bd6 23. Rhe1 Rf6 24. Ng8 Rg6 25. h5 Rxg2 26. Rg1 f4+ 27. Kxe4 Rxf2 28. Nf6+ Kd8 29. Rac1 Ke7 30. Rg7+ Kxf6 31. Rf7+ Kg5 32. Rg1+ Kh4 33. Rh1+ Bh3 34. Rxb7 Bf8 35. Rxh7 Kg3 36. Rg1+ Bg2+ 37. Kf5 Kh2 38. Re1 Bh3+ 39. Kg5 Rxb2 40. Kxf4 Bd6+ 41. Kf3 Bg2+ 42. Kg4 Bh3+ 43. Kf3 Bxa3 44. Ra1 Bg2+ 45. Kg4 Bh3+ 46. Kf3 Rg2 47. Rf7 Re8 48. h6 Bg4+ 49. Kf4 Bd6+ 50. Kg5 Be2+ 0-1

[Event "Quebec-ch qual. 3"]
[Site "Montreal CAN"]
[Date "1988.04.17"]
[Round "4"]
[White "Brassard, Sylvain"]
[Black "Morin, Louis"]
[Result "0-1"]
[WhiteElo "1393"]
[BlackElo "1880"]
[PlyCount "34"]
[GameId "2160767912586398"]
[EventDate "1988.04.16"]
[EventType "swiss"]
[EventRounds "4"]
[EventCountry "CAN"]
[SourceTitle "hb 2013"]

1. d4 Nf6 2. c4 e6 3. g3 d5 4. Bg2 c5 5. Nf3 Nc6 6. cxd5 exd5 7. dxc5 Bxc5 8. O-O d4 9. a3 O-O 10. Nbd2 Re8 11. b4 Bb6 12. Nb3 Be6 13. Ra2 Bc4 14. Re1 Ne4 15. Bb2 d3 16. e3 d2 17. Rf1 Qd3 0-1

[Event "Quebec-ch qual. 3"]
[Site "Montreal CAN"]
[Date "1988.04.17"]
[Round "4"]
[White "Rousseau, Daniel"]
[Black "Marquis, Paul"]
[Result "1-0"]
[WhiteElo "2000"]
[BlackElo "1950"]
[PlyCount "95"]
[GameId "2160767912586399"]
[EventDate "1988.04.16"]
[EventType "swiss"]
[EventRounds "4"]
[EventCountry "CAN"]
[SourceTitle "hb 2011"]

1. e4 e6 2. d4 d5 3. Nd2 Nf6 4. e5 Nfd7 5. f4 c5 6. Ngf3 Nc6 7. c3 Qb6 8. Nb3 cxd4 9. cxd4 Bb4+ 10. Bd2 Bxd2+ 11. Qxd2 Qb4 12. Qxb4 Nxb4 13. Kd2 b6 14. a3 Nc6 15. Bb5 Bb7 16. Rac1 Rc8 17. Rc3 a6 18. Be2 Ke7 19. Rhc1 Ndb8 20. Na1 Rhd8 21. b4 Na7 22. a4 Rxc3 23. Rxc3 Bc6 24. Ra3 Rc8 25. Ne1 Be8 26. Nb3 Nac6 27. Nc2 a5 28. b5 Nd8 29. Nc1 f6 30. exf6+ gxf6 31. Rh3 Bg6 32. Ne3 Kd6 33. g4 Be4 34. Rh6 Rc7 35. Rxf6 Rf7 36. Rxf7 Nxf7 37. g5 Nd7 38. h4 Nf8 39. h5 Ke7 40. Nd3 Nd6 41. Ne5 Nf5 42. Nc6+ Kf7 43. Ng4 Ng3 44. Nge5+ Kg7 45. Bg4 Nf5 46. Bxf5 Bxf5 47. h6+ Kg8 48. Ne7+ 1-0

[Event "Quebec-ch reserve"]
[Site "Montreal CAN"]
[Date "1988.06.09"]
[Round "1"]
[White "Belanger, Jacques"]
[Black "Bergeron, Marc"]
[Result "1/2-1/2"]
[WhiteElo "1962"]
[BlackElo "1756"]
[PlyCount "90"]
[GameId "2160767912586255"]
[EventDate "1988.06.09"]
[EventType "tourn"]
[EventRounds "7"]
[EventCountry "CAN"]
[SourceTitle "EXT 88ch2"]

1. e4 c5 2. Nf3 d6 3. d4 cxd4 4. Nxd4 Nf6 5. Nc3 a6 6. Bg5 e6 7. f4 Be7 8. Qf3 Qc7 9. O-O-O Nbd7 10. g4 b5 11. Bxf6 Nxf6 12. g5 Nd7 13. f5 Ne5 14. Qh5 h6 15. fxe6 Bxg5+ 16. Kb1 g6 17. Qh3 O-O 18. Nd5 Qb7 19. Rg1 fxe6 20. Nxe6 Rf3 21. Rg3 Rxg3 22. hxg3 Bd7 23. Ndc7 Rc8 24. Nd5 Re8 25. Ndc7 Re7 26. Rxd6 Qxe4 27. a3 Nc4 28. Bxc4 Qxc4 29. Qh1 Bxe6 30. Nxe6 Rxe6 31. Qa8+ Kg7 32. Rd7+ Kf6 33. Qh8+ Kf5 34. g4+ Kxg4 35. Rd4+ Qxd4 36. Qxd4+ Bf4 37. Qd7 Kf5 38. b3 g5 39. Qd3+ Kf6 40. Qh7 Ke5 41. Kb2 Rd6 42. c4 bxc4 43. bxc4 Kd4 44. Qf7 Kc5 45. Kb3 Rd3+ 1/2-1/2

[Event "Quebec-ch reserve"]
[Site "Montreal CAN"]
[Date "1988.06.09"]
[Round "1"]
[White "Desforges, Jean"]
[Black "Fraser, Michel"]
[Result "0-1"]
[WhiteElo "1908"]
[BlackElo "2094"]
[PlyCount "56"]
[GameId "2160767912586256"]
[EventDate "1988.06.09"]
[EventType "tourn"]
[EventRounds "7"]
[EventCountry "CAN"]
[SourceTitle "EXT 88ch2"]

1. d4 d5 2. c4 c6 3. Nf3 Nf6 4. Nc3 dxc4 5. a4 e6 6. e3 Bb4 7. Bxc4 Nbd7 8. O-O O-O 9. Qe2 Qe7 10. Na2 Bd6 11. b4 e5 12. dxe5 Nxe5 13. Nxe5 Qxe5 14. f4 Qe7 15. Bd3 Re8 16. b5 Bc5 17. bxc6 bxc6 18. Re1 Nd5 19. Kh1 Nxe3 20. Qf3 Qf6 21. Rb1 Bg4 22. Qf2 Nd1 23. Rxe8+ Rxe8 24. Qf1 Nf2+ 25. Kg1 Nxd3+ 26. Kh1 Nf2+ 27. Kg1 h6 28. Bb2 Nd3+ 0-1

[Event "Quebec-ch reserve"]
[Site "Montreal CAN"]
[Date "1988.06.09"]
[Round "1"]
[White "Desjardins, Andre"]
[Black "Rousseau, Daniel"]
[Result "1-0"]
[WhiteElo "1939"]
[BlackElo "1965"]
[PlyCount "93"]
[GameId "2160767912586257"]
[EventDate "1988.06.09"]
[EventType "tourn"]
[EventRounds "7"]
[EventCountry "CAN"]
[SourceTitle "EXT 88ch2"]

1. e4 e5 2. Nf3 Nc6 3. Bb5 a6 4. Ba4 Nf6 5. O-O b5 6. Bb3 Bc5 7. Bd5 Nxd5 8. exd5 Nd4 9. Nxe5 d6 10. Ng4 Qg5 11. Ne3 O-O 12. c3 Nf5 13. d4 Bb6 14. Nc4 Qg6 15. Nxb6 cxb6 16. Bf4 Bb7 17. Qf3 Nh4 18. Qg3 Bxd5 19. f3 Nf5 20. Qxg6 hxg6 21. g4 Nh4 22. Nd2 Rfe8 23. Kf2 f6 24. Bxd6 Re6 25. Bg3 Rae8 26. Rfe1 Rxe1 27. Rxe1 Rxe1 28. Kxe1 Nxf3+ 29. Nxf3 Bxf3 30. g5 Kf7 31. Bc7 Ke6 32. Bxb6 Kf5 33. Bd8 Bd5 34. b3 Ke4 35. Kd2 f5 36. Be7 f4 37. Bf8 a5 38. Bxg7 Kf3 39. Be5 Kg4 40. Kd3 f3 41. Bg3 Kf5 42. c4 Be4+ 43. Ke3 a4 44. h4 Bc2 45. cxb5 Bxb3 46. axb3 a3 47. Be1 1-0

[Event "Quebec-ch reserve"]
[Site "Montreal CAN"]
[Date "1988.06.09"]
[Round "1"]
[White "Therrien, Michel"]
[Black "Lapierre, Yves"]
[Result "1-0"]
[WhiteElo "1861"]
[BlackElo "1843"]
[PlyCount "67"]
[GameId "2160767912586258"]
[EventDate "1988.06.09"]
[EventType "tourn"]
[EventRounds "7"]
[EventCountry "CAN"]
[SourceTitle "EXT 88ch2"]

1. e4 e5 2. Nf3 Nc6 3. Bb5 a6 4. Ba4 Nf6 5. O-O Be7 6. Re1 b5 7. Bb3 d6 8. c3 O-O 9. h3 Na5 10. Bc2 c5 11. d4 Qc7 12. Nbd2 Nc6 13. d5 Na5 14. b3 Nb7 15. Nf1 a5 16. Qe2 Bd7 17. Ne3 Rfc8 18. c4 a4 19. Bb2 b4 20. Nh2 g6 21. Nhg4 h5 22. Nxf6+ Bxf6 23. Qf3 Bg5 24. g4 hxg4 25. Nxg4 Qd8 26. Kg2 Bf4 27. Bc1 f5 28. exf5 gxf5 29. Nh6+ Bxh6 30. Bxh6 Qf6 31. Qh5 Nd8 32. Rg1 Nf7 33. Kh2+ Kh7 34. Bg7+ 1-0

[Event "Quebec-ch reserve"]
[Site "Montreal CAN"]
[Date "1988.06.10"]
[Round "2"]
[White "Bergeron, Marc"]
[Black "Therrien, Michel"]
[Result "0-1"]
[WhiteElo "1756"]
[BlackElo "1861"]
[PlyCount "50"]
[GameId "2160767912586259"]
[EventDate "1988.06.09"]
[EventType "tourn"]
[EventRounds "7"]
[EventCountry "CAN"]
[SourceTitle "EXT 88ch2"]

1. e4 c5 2. Nf3 Nc6 3. d4 cxd4 4. Nxd4 Nf6 5. Nc3 e5 6. Ndb5 d6 7. Bg5 a6 8. Bxf6 gxf6 9. Na3 b5 10. Nd5 f5 11. Bd3 Be6 12. c3 Bg7 13. Nc2 O-O 14. g3 fxe4 15. Bxe4 f5 16. Bg2 Rc8 17. O-O Ne7 18. f4 e4 19. Nce3 Nxd5 20. Nxd5 Rc5 21. Ne3 b4 22. cxb4 Rb5 23. Qd2 Qb6 24. a3 Rd5 25. Qf2 Rd3 0-1

[Event "Quebec-ch reserve"]
[Site "Montreal CAN"]
[Date "1988.06.10"]
[Round "2"]
[White "Desjardins, Andre"]
[Black "Desforges, Jean"]
[Result "1/2-1/2"]
[WhiteElo "1939"]
[BlackElo "1908"]
[PlyCount "97"]
[GameId "2160767912586260"]
[EventDate "1988.06.09"]
[EventType "tourn"]
[EventRounds "7"]
[EventCountry "CAN"]
[SourceTitle "EXT 88ch2"]

1. e4 d5 2. exd5 Nf6 3. Bb5+ Bd7 4. Bc4 Bg4 5. f3 Bf5 6. Nc3 Nbd7 7. Nge2 Nb6 8. Bb5+ Bd7 9. d6 exd6 10. d4 Bxb5 11. Nxb5 c6 12. Nbc3 d5 13. O-O Bd6 14. Bf4 O-O 15. Re1 Re8 16. b3 Nh5 17. Bxd6 Qxd6 18. Qd2 f5 19. Qg5 Qg6 20. Qxg6 hxg6 21. Ng3 Nf4 22. Kf2 Nd7 23. Na4 b6 24. Nb2 Kf7 25. Rad1 Rad8 26. Nd3 Rxe1 27. Nxe1 Nb8 28. Nd3 Nxd3+ 29. Rxd3 c5 30. dxc5 bxc5 31. Ne2 Nc6 32. c3 g5 33. h3 f4 34. g3 Ne5 35. Rd2 Ng6 36. b4 cxb4 37. cxb4 fxg3+ 38. Kxg3 Ne7 39. Nd4 g6 40. b5 Kf6 41. a4 Nf5+ 42. Nxf5 gxf5 43. f4 gxf4+ 44. Kxf4 Rc8 45. Rxd5 Rc4+ 46. Kf3 Rxa4 47. Rd6+ Kg5 48. Ra6 Rb4 49. Rxa7 1/2-1/2

[Event "Quebec-ch reserve"]
[Site "Montreal CAN"]
[Date "1988.06.10"]
[Round "2"]
[White "Fraser, Michel"]
[Black "Belanger, Jacques"]
[Result "1-0"]
[WhiteElo "2094"]
[BlackElo "1962"]
[PlyCount "119"]
[GameId "2160767912586261"]
[EventDate "1988.06.09"]
[EventType "tourn"]
[EventRounds "7"]
[EventCountry "CAN"]
[SourceTitle "EXT 88ch2"]

1. d4 Nf6 2. Nf3 g6 3. Bf4 Bg7 4. e3 O-O 5. h3 c5 6. c3 b6 7. Bd3 d6 8. O-O Bb7 9. Qe2 Nbd7 10. Nbd2 Nh5 11. Bh2 e5 12. dxe5 Nxe5 13. Nxe5 Bxe5 14. Bxe5 dxe5 15. Rfd1 f5 16. Bc4+ Kh8 17. Nf3 Qe7 18. Bd5 Bxd5 19. Rxd5 e4 20. Nh2 f4 21. Rad1 fxe3 22. fxe3 Rad8 23. Qd2 Rxd5 24. Qxd5 Ng3 25. Ng4 h5 26. Ne5 Qf6 27. Qd6 Qxd6 28. Rxd6 Rf1+ 29. Kh2 Nf5 30. Rxg6 Kh7 31. Rf6 Nxe3 32. Rxf1 Nxf1+ 33. Kg1 Ne3 34. b3 Nd1 35. c4 Kg7 36. Nc6 a5 37. Ne7 Kf6 38. Nd5+ Ke5 39. g4 hxg4 40. hxg4 Kd4 41. g5 Ke5 42. g6 Ke6 43. Kf1 Nb2 44. Ke2 Nd3 45. Ke3 Nc1 46. Nc3 Nd3 47. Nd5 Nc1 48. Nc3 Nd3 49. g7 Kf7 50. Kxe4 Nb4 51. Ke5 a4 52. bxa4 Nc6+ 53. Kd5 Na5 54. Ne4 Kxg7 55. Nd2 Kf7 56. Kd6 Ke8 57. Kc7 Ke7 58. Kxb6 Nxc4+ 59. Nxc4 Kd7 60. Kb7 1-0

[Event "Quebec-ch reserve"]
[Site "Montreal CAN"]
[Date "1988.06.10"]
[Round "2"]
[White "Rousseau, Daniel"]
[Black "Lapierre, Yves"]
[Result "1-0"]
[WhiteElo "1965"]
[BlackElo "1843"]
[PlyCount "55"]
[GameId "2160767912586262"]
[EventDate "1988.06.09"]
[EventType "tourn"]
[EventRounds "7"]
[EventCountry "CAN"]
[SourceTitle "EXT 88ch2"]

1. e4 c5 2. Nf3 Nc6 3. d4 cxd4 4. Nxd4 Nf6 5. Nc3 e5 6. Ndb5 d6 7. Bg5 a6 8. Bxf6 gxf6 9. Na3 f5 10. Nc4 b5 11. Ne3 b4 12. Ncd5 fxe4 13. Qh5 Be6 14. Bc4 Kd7 15. O-O Na5 16. Rad1 f5 17. Nb6+ Kc6 18. Bxe6 Kxb6 19. Qf7 Rb8 20. Nd5+ Kb5 21. Bd7+ Kc5 22. c3 b3 23. Ba4 Rb7 24. Qxf5 Bh6 25. Qxe4 Rf8 26. f4 Qh4 27. Qe3+ Kc4 28. Rd4+ 1-0

[Event "Quebec-ch reserve"]
[Site "Montreal CAN"]
[Date "1988.06.11"]
[Round "3"]
[White "Belanger, Jacques"]
[Black "Desjardins, Andre"]
[Result "0-1"]
[WhiteElo "1962"]
[BlackElo "1939"]
[PlyCount "88"]
[GameId "2160767912586263"]
[EventDate "1988.06.09"]
[EventType "tourn"]
[EventRounds "7"]
[EventCountry "CAN"]
[SourceTitle "EXT 88ch2"]

1. e4 c5 2. Nf3 Nc6 3. d4 cxd4 4. Nxd4 Nf6 5. Nc3 e5 6. Ndb5 d6 7. Bg5 a6 8. Na3 b5 9. Bxf6 gxf6 10. Nd5 f5 11. Bxb5 axb5 12. Nxb5 Ra7 13. Nxa7 Nxa7 14. c3 Bd7 15. exf5 Bg7 16. Qf3 h5 17. f6 Bh6 18. h3 Be6 19. O-O Nc8 20. Rfd1 Bg5 21. a4 Bxd5 22. Qxd5 Qxf6 23. Qc6+ Ke7 24. Qc7+ Ke6 25. Rd3 Qg6 26. Rad1 Be7 27. a5 h4 28. a6 Rg8 29. g3 Qf5 30. Qc4+ Kd7 31. g4 e4 32. Qa4+ Kc7 33. Rg3 Qc5 34. Re3 f5 35. Rd4 d5 36. b4 Qd6 37. Qa5+ Nb6 38. a7 fxg4 39. Rexe4 gxh3+ 40. Rg4 Qe6 41. Rxg8 Qxg8+ 42. Kf1 h2 43. a8=N+ Qxa8 44. Qxa8 h1=Q+ 0-1

[Event "Quebec-ch reserve"]
[Site "Montreal CAN"]
[Date "1988.06.11"]
[Round "3"]
[White "Desforges, Jean"]
[Black "Rousseau, Daniel"]
[Result "0-1"]
[WhiteElo "1908"]
[BlackElo "1965"]
[PlyCount "88"]
[GameId "2160767912586264"]
[EventDate "1988.06.09"]
[EventType "tourn"]
[EventRounds "7"]
[EventCountry "CAN"]
[SourceTitle "EXT 88ch2"]

1. e4 e5 2. Nf3 Nc6 3. Bb5 a6 4. Bxc6 dxc6 5. d4 exd4 6. Qxd4 Qxd4 7. Nxd4 Bd6 8. Be3 Ne7 9. Nd2 Ng6 10. Nc4 O-O 11. O-O Re8 12. f3 Bf8 13. Kf2 c5 14. Ne2 Be6 15. Nd2 f6 16. Nf4 Nxf4 17. Bxf4 Rad8 18. Rfd1 Rd7 19. Nf1 Red8 20. Rxd7 Rxd7 21. a3 c4 22. c3 b5 23. Ke2 f5 24. Ng3 fxe4 25. fxe4 Bg4+ 26. Ke1 Bc5 27. Be5 Re7 28. Bd4 Bd6 29. Kf2 Rf7+ 30. Kg1 Bf4 31. Nf1 Be2 32. Re1 Bxf1 33. g3 Bd2 34. Rxf1 Rxf1+ 35. Kxf1 Bc1 36. Bc5 Bxb2 37. Bb4 c5 38. Bxc5 Bxc3 39. Ke2 Kf7 40. Kd1 Ke6 41. Kc2 Bf6 42. Kd2 Ke5 43. Ke3 Bg5+ 44. Kf3 c3 0-1

[Event "Quebec-ch reserve"]
[Site "Montreal CAN"]
[Date "1988.06.11"]
[Round "3"]
[White "Lapierre, Yves"]
[Black "Bergeron, Marc"]
[Result "1/2-1/2"]
[WhiteElo "1843"]
[BlackElo "1756"]
[PlyCount "96"]
[GameId "2160767912586265"]
[EventDate "1988.06.09"]
[EventType "tourn"]
[EventRounds "7"]
[EventCountry "CAN"]
[SourceTitle "EXT 88ch2"]

1. e4 c5 2. Nc3 Nc6 3. g3 g6 4. Bg2 Bg7 5. Nge2 e6 6. f4 Nge7 7. O-O d5 8. d3 O-O 9. a3 a6 10. g4 f5 11. gxf5 gxf5 12. e5 Bd7 13. Ng3 Be8 14. Nh5 Bxh5 15. Qxh5 Nd4 16. Rf2 Qe8 17. Qxe8 Rfxe8 18. Na4 Rac8 19. Be3 Rc7 20. Nxc5 Rxc5 21. Bxd4 Rc7 22. b4 Ng6 23. Bc5 Bh6 24. Raf1 Rg7 25. Kh1 Kf7 26. c4 Reg8 27. cxd5 Nxf4 28. dxe6+ Kxe6 29. Bf3 Nxd3 30. Rc2 Nxc5 31. Rxc5 Be3 32. Bd5+ Kxe5 33. Bxg8+ Bxc5 34. Bd5 Be3 35. Bg2 f4 36. h3 Kd4 37. Rb1 Kc3 38. Kh2 Re7 39. Bf3 Kc2 40. Rd1 Kb3 41. Rd3+ Kc2 42. Rd5 b6 43. Bg4 Kc3 44. Kg2 Kc4 45. Rd6 Ra7 46. Be6+ Kc3 47. Kf3 a5 48. bxa5 bxa5 1/2-1/2

[Event "Quebec-ch reserve"]
[Site "Montreal CAN"]
[Date "1988.06.11"]
[Round "3"]
[White "Therrien, Michel"]
[Black "Fraser, Michel"]
[Result "0-1"]
[WhiteElo "1861"]
[BlackElo "2094"]
[PlyCount "44"]
[GameId "2160767912586266"]
[EventDate "1988.06.09"]
[EventType "tourn"]
[EventRounds "7"]
[EventCountry "CAN"]
[SourceTitle "EXT 88ch2"]

1. e4 e6 2. d4 d5 3. Nd2 Nf6 4. e5 Nfd7 5. Bd3 c5 6. c3 Nc6 7. Ne2 b6 8. O-O cxd4 9. cxd4 Nb4 10. Bb1 Ba6 11. Nf3 Be7 12. a3 Nc6 13. Re1 Na5 14. Nf4 Qc7 15. Nh5 g6 16. b4 Nc4 17. Nf6+ Nxf6 18. exf6 Bxf6 19. Qa4+ b5 20. Qxa6 Rb8 21. g3 Rb6 22. Bf4 Qd7 0-1

[Event "Quebec-ch reserve"]
[Site "Montreal CAN"]
[Date "1988.06.12"]
[Round "4"]
[White "Desforges, Jean"]
[Black "Belanger, Jacques"]
[Result "1-0"]
[WhiteElo "1908"]
[BlackElo "1962"]
[PlyCount "93"]
[GameId "2160767912586267"]
[EventDate "1988.06.09"]
[EventType "tourn"]
[EventRounds "7"]
[EventCountry "CAN"]
[SourceTitle "EXT 88ch2"]

1. d4 Nf6 2. c4 g6 3. Nc3 Bg7 4. e4 d6 5. f3 O-O 6. Be3 e5 7. Nge2 exd4 8. Nxd4 Re8 9. Qd2 c6 10. Nc2 d5 11. exd5 cxd5 12. cxd5 Bf5 13. O-O-O a6 14. Nd4 Bd7 15. Nb3 b5 16. Nc5 b4 17. N3e4 Qa5 18. Bd4 Nxe4 19. Nxe4 Qxa2 20. Qxb4 Bh6+ 21. Rd2 Qa1+ 22. Kc2 Rc8+ 23. Bc3 Qa4+ 24. Qxa4 Bxa4+ 25. b3 Bxd2 26. Nxd2 Bb5 27. Ne4 Nd7 28. Nd6 Rc5 29. Bc4 Rb8 30. Bd4 Bxc4 31. bxc4 Ra5 32. Ra1 Rxa1 33. Bxa1 Rb6 34. Ne4 h5 35. Bd4 Rb8 36. c5 Kf8 37. c6 Ke7 38. cxd7 Kxd7 39. Nc5+ Ke7 40. Nxa6 Rb5 41. Nb4 Kd6 42. Kc3 Rb8 43. Be5+ Kxe5 44. Nc6+ Kxd5 45. Nxb8 g5 46. Kd3 g4 47. f4 1-0

[Event "Quebec-ch reserve"]
[Site "Montreal CAN"]
[Date "1988.06.12"]
[Round "4"]
[White "Desjardins, Andre"]
[Black "Therrien, Michel"]
[Result "1/2-1/2"]
[WhiteElo "1939"]
[BlackElo "1861"]
[PlyCount "81"]
[GameId "2160767912586268"]
[EventDate "1988.06.09"]
[EventType "tourn"]
[EventRounds "7"]
[EventCountry "CAN"]
[SourceTitle "EXT 88ch2"]

1. e4 c5 2. Nf3 Nc6 3. d4 cxd4 4. Nxd4 Nf6 5. Nc3 e5 6. Ndb5 d6 7. Bg5 a6 8. Na3 b5 9. Bxf6 gxf6 10. Nd5 f5 11. Qd3 Bg7 12. exf5 O-O 13. Qe4 Nd4 14. g4 Qh4 15. f6 Bxf6 16. c3 b4 17. cxd4 bxa3 18. Nxf6+ Qxf6 19. Qxa8 axb2 20. Rb1 Bf5 21. Qf3 Bxb1 22. Qxf6 Bc2 23. Qg5+ Kh8 24. Qf6+ Kg8 25. f3 b1=Q+ 26. Kf2 Qxa2 27. dxe5 dxe5 28. Qxe5 Bd3+ 29. Kg3 Bxf1 30. Rxf1 Qe6 31. Qg5+ Qg6 32. Qa5 Qd6+ 33. Kg2 Rb8 34. Rf2 Rb5 35. Qa2 h5 36. Rd2 Qf6 37. Qc4 Rb2 38. Qc8+ Kg7 39. Rxb2 Qxb2+ 40. Kg3 Qe5+ 41. Kh3 1/2-1/2

[Event "Quebec-ch reserve"]
[Site "Montreal CAN"]
[Date "1988.06.12"]
[Round "4"]
[White "Fraser, Michel"]
[Black "Lapierre, Yves"]
[Result "1-0"]
[WhiteElo "2094"]
[BlackElo "1843"]
[PlyCount "51"]
[GameId "2160767912586269"]
[EventDate "1988.06.09"]
[EventType "tourn"]
[EventRounds "7"]
[EventCountry "CAN"]
[SourceTitle "EXT 88ch2"]

1. d4 Nf6 2. Nf3 e6 3. Bf4 c5 4. e3 Nc6 5. c3 cxd4 6. exd4 Be7 7. Bd3 O-O 8. h3 b6 9. Qe2 Bb7 10. Nbd2 Re8 11. O-O h6 12. Rfe1 Bf8 13. Rad1 d6 14. Ne4 Nxe4 15. Qxe4 f5 16. Qe2 Qf6 17. h4 a6 18. h5 Nd8 19. Bc4 b5 20. Bb3 Bxf3 21. Qxf3 Nf7 22. Bxe6 Rad8 23. Qd5 Be7 24. Re3 Kf8 25. Rde1 Ng5 26. Bxf5 1-0

[Event "Quebec-ch reserve"]
[Site "Montreal CAN"]
[Date "1988.06.12"]
[Round "4"]
[White "Rousseau, Daniel"]
[Black "Bergeron, Marc"]
[Result "1-0"]
[WhiteElo "1965"]
[BlackElo "1756"]
[PlyCount "51"]
[GameId "2160767912586270"]
[EventDate "1988.06.09"]
[EventType "tourn"]
[EventRounds "7"]
[EventCountry "CAN"]
[SourceTitle "EXT 88ch2"]

1. e4 c5 2. Nf3 d6 3. d4 cxd4 4. Nxd4 Nf6 5. Nc3 a6 6. Bg5 e6 7. Qd2 Be7 8. O-O-O Qc7 9. f4 Bd7 10. Nf3 Nc6 11. e5 dxe5 12. fxe5 Ng4 13. Bxe7 Nxe7 14. Ne4 Nf5 15. h3 Nge3 16. g4 Bc6 17. Nd6+ Nxd6 18. exd6 Qb6 19. d7+ Kd8 20. Be2 Nxd1 21. Rxd1 f6 22. Nd4 Bxd7 23. Nf5 Qc6 24. Bf3 Qc7 25. Nd6 Ke7 26. Qb4 1-0

[Event "Quebec-ch reserve"]
[Site "Montreal CAN"]
[Date "1988.06.13"]
[Round "5"]
[White "Belanger, Jacques"]
[Black "Rousseau, Daniel"]
[Result "1/2-1/2"]
[WhiteElo "1962"]
[BlackElo "1965"]
[PlyCount "153"]
[GameId "2160767912586271"]
[EventDate "1988.06.09"]
[EventType "tourn"]
[EventRounds "7"]
[EventCountry "CAN"]
[SourceTitle "EXT 88ch2"]

1. e4 g6 2. d4 Bg7 3. c3 Nf6 4. e5 Nd5 5. f4 d6 6. Nf3 O-O 7. Bd3 c5 8. dxc5 dxe5 9. fxe5 Nc6 10. Bc4 Be6 11. O-O Nxe5 12. Nxe5 Bxe5 13. Bxd5 Bxd5 14. Bh6 Re8 15. Re1 Bf6 16. Qd3 Rc8 17. b4 e6 18. Be3 Bg7 19. Nd2 Qh4 20. Bd4 Qg4 21. Ne4 f5 22. Ng3 f4 23. Bxg7 fxg3 24. h3 Qf4 25. Bd4 e5 26. Be3 Qf7 27. Rf1 Qe6 28. Qc2 Rf8 29. a3 Rf5 30. Bh6 Rh5 31. Qd2 Bxg2 32. Qxg2 Rxh6 33. Qxb7 Rxh3 34. Rad1 e4 35. Qd5 Qxd5 36. Rxd5 Rh2 37. Rd7 e3 38. Re7 e2 39. Re1 Rf8 40. R1xe2 Rff2 41. Rxf2 gxf2+ 42. Kf1 Kf8 43. Re2 Rh3 44. Rxf2+ Ke7 45. Rc2 Ke6 46. Re2+ Kd7 47. Rd2+ Kc7 48. Rf2 Rxc3 49. Rf7+ Kb8 50. Rxh7 Rxa3 51. Rg7 Rb3 52. Rxg6 Rxb4 53. Ke2 Rc4 54. Rg5 Kb7 55. Kd3 Rc1 56. Kd2 Rb1 57. Kc2 Rb4 58. Kc3 Rb1 59. Kc2 Rh1 60. Kb3 Kc6 61. Kc4 Rc1+ 62. Kb4 Rb1+ 63. Ka4 Ra1+ 64. Kb4 a5+ 65. Kb3 Rb1+ 66. Ka4 Ra1+ 67. Kb3 Kb5 68. Rh5 Rg1 69. Rf5 Rg3+ 70. Kb2 Kb4 71. Rh5 Rb3+ 72. Ka2 Rc3 73. Kb2 Rc4 74. Ka2 a4 75. Kb2 a3+ 76. Ka2 Rc2+ 77. Kb1 1/2-1/2